000 01347cam a2200157 4500500
005 20260405013634.0
041 _afre
042 _adc
100 1 0 _aOtte, Marcel
_eauthor
700 1 0 _aNoiret, Pierre
_eauthor
700 1 0 _aRemacle, Laurence
_eauthor
245 0 0 _aLes hommes de Lascaux
260 _bArmand Colin,
_c2009.
520 _aCet ouvrage propose la première synthèse documentée et largement accessible sur la vie dans l’Europe de la préhistoire. La période considérée, qui s’étale de 40 000 à 10 000 avant notre ère, est marquée par la rencontre entre Néandertaliens et Cro Magnons. Bien des mutations s’ensuivent. Mais on n’est plus dans l’ordre de la seule évolution biologique. Ce sont de véritables cultures et civilisations qui s’enchaînent. L’étude poussée des données matérielles disponibles permet désormais de leur conférer une histoire réelle. Cet ouvrage retrace l’évolution des compétences techniques, des gestes sociaux, des rituels religieux et surtout, des aspects esthétiques des peuples chasseurs aux agriculteurs sédentaires, avec à chaque fois un «esprit» différent. Les fresques de Lascaux ou la Grotte Chauvet en sont de fabuleux témoignages.
856 4 1 _uhttps://shs.cairn.info/les-hommes-de-lascaux--9782200351199?lang=fr&redirect-ssocas=7080
999 _c2106935
_d2106935